Online
Catalog

Sobre todo tus silencios / (Record no. 9940)

MARC details
000 -CABECERA
campo de control de longitud fija 00807nam a2200241 a 4500
001 - NÚMERO DE CONTROL
campo de control 000010181
005 - FECHA Y HORA DE LA ÚLTIMA TRANSACCIÓN
campo de control 20200929161901.0
008 - DATOS DE LONGITUD FIJA--INFORMACIÓN GENERAL
campo de control de longitud fija 091005s2006 pr 000 p spa d
020 ## - NÚMERO INTERNACIONAL ESTÁNDAR DEL LIBRO
Número Internacional Estándar del Libro 1932271643
040 ## - FUENTE DE LA CATALOGACIÓN
Centro catalogador/agencia de origen DO-SdBNP
Lengua de catalogación spa
Centro/agencia transcriptor BNPHU
082 ## - NÚMERO DE LA CLASIFICACIÓN DECIMAL DEWEY
Número de clasificación PR861.44
Número de documento/Ítem G643s
100 1# - ENTRADA PRINCIPAL--NOMBRE DE PERSONA
Nombre de persona González Ríos, Juanmanuel,
Fechas asociadas al nombre 1977-
9 (RLIN) 25183
245 10 - MENCIÓN DE TÍTULO
Título Sobre todo tus silencios /
Mención de responsabilidad, etc. Juanmanuel González Ríos ; prólogo Mercedes López-Barlt.
260 ## - PUBLICACIÓN, DISTRIBUCIÓN, ETC.
Lugar de publicación, distribución, etc. Puerto Rico :
Nombre del editor, distribuidor, etc. Isla Negra,
Fecha de publicación, distribución, etc. 2006.
300 ## - DESCRIPCIÓN FÍSICA
Extensión 62 p. ;
Dimensiones 22 cm.
490 1# - MENCIÓN DE SERIE
Mención de serie Josemilio González
590 ## - NOTA LOCAL (RLIN)
Nota local Inventariado, 2018/LP
650 #4 - PUNTO DE ACCESO ADICIONAL DE MATERIA--TÉRMINO DE MATERIA
Término de materia o nombre geográfico como elemento de entrada Poesía puertorriqueña
9 (RLIN) 1015
650 #4 - PUNTO DE ACCESO ADICIONAL DE MATERIA--TÉRMINO DE MATERIA
Término de materia o nombre geográfico como elemento de entrada Literatura puertorriqueña
9 (RLIN) 250
700 1# - PUNTO DE ACCESO ADICIONAL--NOMBRE DE PERSONA
Nombre de persona López-Barlt, Mercedes
9 (RLIN) 25184
830 #0 - PUNTO DE ACCESO ADICIONAL DE SERIE-TÍTULO UNIFORME
Título uniforme Josemilio González
9 (RLIN) 6541
910 ## - DATOS DE OPCIÓN DEL USUARIO (OCLC)
Datos de opción del usuario Validado. Control de calidad BNPHU.
Holdings
Estado de retiro Estado de pérdida Restricciones de uso No para préstamo Código de colección Localización permanente Ubicación/localización actual Ubicación en estantería Fecha de adquisición Número de inventario Total de préstamos Signatura topográfica completa Código de barras Fecha visto por última vez Número de copia Precio válido a partir de Tipo de ítem Koha
      Excluido de préstamo Monografías: Libros y Folletos General General Depósito 05.10.2009 LF1   PR861.44 G643s 10181-10 25.06.2020 e.2 25.06.2020 No se presta
        Monografías: Libros y Folletos General General Depósito 05.10.2009 LF1   PR861.44 G643s 10181-20 25.06.2020 e.3 25.06.2020 Préstamo en sala
      Excluido de préstamo Monografías: Libros y Folletos General General Depósito 05.10.2009 LF1   PR861.44 G643s 10181-30 25.06.2020   25.06.2020 No se presta

Powered by Koha